00744nam a2200217 a 450000500170000000800410001704100080005804400070006610000340007324501740010726000220028130000110030365000380031465000180035265000150037065000190038565000240040465000340042865000340046266200300049620140227081340.0140227b1994 ck ||||| |||| 00| 0 spa d aspa ack aEspinel Marín, Rubén Gaad aSociedad y economía de campesinos cafeteros de la cordillera Occidental en el norte del Valle del Caucabfactores que inciden en la construcción de sistemas agrarios aCalibCIPAVc1994 a122 p. aSistemas de producción agrarios aZona cafetera aEconomía aSociedad civil aSector agropecuario aTransferencia de tecnología aIndicadores de sostenibilidad aColombiabValle del Cauca